000 01300nam0a2200313 4500
001 RU\NLR\bibl\1520090
005 20260407065139.0
010 _a978-5-17-044744-2
_bАСТ
010 _a978-5-271-16879-6
_92000
_bАстрель
021 _aRU
_b2010-33501
_92240
035 _a(NLR Aleph) 001511456
090 _a83160
_c83160
100 _a20100607d2009 |||y0rusy50 ca
101 1 _arus
_cswe
102 _aRU
105 _aa |||||||||
200 1 _aПеппи Длинныйчулок
_e[повесть-сказка
_eдля среднего школьного возраста]
_fАстрид Линдгрен
_g[пер. со швед. Л. Лунгиной
_gхудож.: И. Ванг Нюман]
210 _aМосква
_cАСТ
_cАстрель
_aВладимир
_cВКТ
_d2009 (2010 макет)
215 _a471, [1] с.
_cил.
_d21
225 1 _aХрестоматия школьника
686 _aШ9(4Шв)62-4
700 1 _4070
_8rus
_7ca
_aЛиндгрен
_bА.
_f1907-2002
_gАстрид
_3RU\NLR\auth\7715976
_9125621
702 1 _4040
_8rus
_7ca
_aВанг Нюман
_bИ.
_f1916-1959
_gИнгрид
_3RU\NLR\auth\7760340
_943271
801 0 _aRU
_bNLR
_c20100607
_gRCR
801 1 _aRU
_bNLR
_c20100607
942 _cBOOK
980 _aNB